00873naa#a2200193#i#4500001001600000005001700016011001400033100004100047101000800088102000700096200016000103210010500263215001000368608004500378675012700423700005200550700006200602856001500664RU\\bibl\12286020260514110927.4##a2073-4018##a20260508b2026####ek#y0rusy0150####ca0#aRUS##aRU1#aМосковская область – лидер по объемам производства сыра в РоссииeЖурнальная статья1#aКемеровоcКемеровский государственный университетd2026##a9 с.##aЖурнальная статья2local##aСельское хозяйство. Лесное хозяйство. Охота. Рыбное хозяйство. 63zRUS#1aСурайgНаталья Михайловна#1aПанасенкоgСветлана Викторовна4#ajsocnet.ru